00801nam a2200205 a 450000100100000000500170001000800410002704000250006808200210009310000300011424500490014426000530019330000360024665100620028265100670034491000390041104900090045095201190045999900170057800002609520240301073829.0110301s1985 dr a 000 0 spa d aDO-SdBNPbspacBNPHU a972.93054bR136r1 aRaful, Tony,d1951-9137713aLa Revolución de Abril 1965 /cTony Raful. aSanto Domingo :bEditorial Santo Domingo,c1985. a253 p. :bil., retrs. ;c21 cm. 4aRepública DominicanaxHistoriayREVOLUCIÓN 196592167 4aRepública DominicanaxHistoriayGOLPE DE ESTADO, 1963934712 aValidado. Control de calidad BNPHU aBNPD 0010718PDaPDbPDcHDd2011-03-01iLF1l0o972.93054 R136rp26095-10r2020-06-25w2020-06-25yLFPDZNo se presta c25587d25587